书目信息 |
| 题名: |
爱与恨
|
|
| 作者: | 崔巍 , 钮宇大 著 | |
| 分册: | ||
| 出版信息: | 太原 山西人民出版社 1979 |
|
| 页数: | 596页 | |
| 开本: | 19cm | |
| 丛书名: | ||
| 单 册: | ||
| 中图分类: | I247.54 , I247.4 | |
| 科图分类: | ||
| 主题词: | 长篇小说--中国--现代 | |
| 电子资源: | ||
| ISBN: | ||
| 000 | 00630nam0 2200241 450 | |
| 001 | 1535770957 | |
| 005 | 20170926171809.20 | |
| 010 | @dCNY1.56 | |
| 091 | @a10088.654 | |
| 100 | @a20021005d1979 em y0chiy0110 ea | |
| 101 | 0 | @achi |
| 102 | @aCN@b140000 | |
| 105 | @ay z 000ay | |
| 200 | 1 | @a爱与恨@9ai yu hen@f崔巍,钮宇大著 |
| 210 | @a太原@c山西人民出版社@d1979 | |
| 215 | @a596页@d19cm | |
| 606 | 0 | @a长篇小说@y中国@z现代 |
| 690 | @aI247.54@v5 | |
| 690 | @aI247.4@v4 | |
| 701 | 0 | @a崔巍@9cui wei@f(1945~)@4著 |
| 701 | 0 | @a钮宇大@9niu yu da@f(1938~)@4著 |
| 801 | 0 | @aCN@bTSSF@c20150126 |
| 905 | @aZUCC@dI247.4@eJY127 | |
| 爱与恨/崔巍,钮宇大著.-太原:山西人民出版社,1979 |
| 596页;19cm |
| ISBN :CNY1.56 |
| ● |
| 相关链接 |
|
|
|
|
正题名:爱与恨
索取号:I247.4/JY127
 
预约/预借
| 序号 | 登录号 | 条形码 | 馆藏地/架位号 | 状态 | 备注 |
| 1 | 7854101 | 278541017 | 学院路分馆/ [索取号:I247.4/JY127] | 在馆 |